Mile Championship Winning Horse - Statistics

General Stats
  • This quiz has been taken 3 times
  • The average score is 10 of 34
Answer Stats
Answer % Correct
Air Jihad エアジハード
100%
North Flight ノースフライト
100%
Agnes Digital アグネスデジタル
67%
Daitaku Helios ダイタクヘリオス
67%
Daiwa Major ダイワメジャー
67%
Durandal デュランダル
67%
Mikki Isle ミッキーアイル
67%
Namur ナミュール
67%
Nippo Teio ニッポーテイオー
67%
Oguri Cap オグリキャップ
67%
Taiki Shuttle タイキシャトル
67%
Company カンパニー
33%
Genuine ジェニュイン
33%
Serifos セリフォス
33%
Shinko Lovely シンコウラブリイ
33%
Soccer Boy サッカーボーイ
33%
Tokai Point トウカイポイント
33%
Trot Thunder トロットサンダー
33%
A Shin Forward エーシンフォワード
0%
Blumenblatt ブルーメンブラット
0%
Danon Shark ダノンシャーク
0%
Eishin Apollon エイシンアポロン
0%
Gran Algeria グランアレグリア
0%
Hat Trick ハットトリック
0%
Indy Champ インディチャンプ
0%
Maurice モーリス
0%
Nihon Pollow Winner ニホンピロウイナー
0%
Passing Shot パッシングショット
0%
Persian Knight ペルシアンナイト
0%
Sadamu Patek サダムパテック
0%
Stelvio ステルヴィオ
0%
Takara Steel タカラスチール
0%
Tosen Ra トーセンラー
0%
Zenno El Cid ゼンノエルシド
0%
No matching quizzes found
Score Distribution
Percent of People with Each Score
Percentile by Number Answered
Your Score History
You have not taken this quiz